Monarchies of Asia - Statistics

General Stats
  • This quiz has been taken 71,170 times
  • The average score is 11 of 13
Answer Stats
Country % Correct
Saudi Arabia
93%
Oman
88%
Qatar
86%
United Arab Emirates
86%
Brunei
85%
Thailand
84%
Bahrain
82%
Bhutan
81%
Japan
79%
Jordan
79%
Kuwait
79%
Malaysia
70%
Cambodia
69%
No matching quizzes found
Score Distribution
Percent of People with Each Score
Percentile by Number Answered
Your Score History
You have not taken this quiz